| 000 | 00580cam a22002053a 4500 | ||
|---|---|---|---|
| 001 | 44957 | ||
| 003 | PGUSA | ||
| 005 | 20140828084027.0 | ||
| 008 | 140218s2014||||xxu|||||s|||||000 | eng d | ||
| 040 |
_aPGUSA _beng |
||
| 042 | _adc | ||
| 100 | 1 |
_aTolstoy, Leo, graf, _d1828-1910 |
|
| 245 | 1 | 0 |
_aAnna Karenina, 2. Band _h[electronic resource] / _cLeo, graf Tolstoy |
| 260 |
_bProject Gutenberg, _c2014 |
||
| 506 | _aPublic domain in the USA. | ||
| 516 | _aElectronic text | ||
| 830 | 0 |
_aProject Gutenberg _v44957 |
|
| 856 | 4 | 0 | _uhttp://www.gutenberg.org/ebooks/44957 |
| 942 | _cEB | ||
| 999 |
_c274208 _d274208 |
||